| LEADER |
01100nam0a2200205 450 |
| 001 |
16867985 |
| 010 |
|
|
|a 2-203-00111-9
|b cart.
|d 11,5
|
| 100 |
|
|
|a 19940101d1973 u u0frey01 ba
|
| 101 |
0 |
|
|a fre
|
| 102 |
|
|
|a BE
|
| 200 |
0 |
|
|a Trésor de Rackham le Rouge (Le)
|f Hergé
|
| 207 |
|
1 |
|a
|
| 215 |
|
|
|a 1 vol. (61 p.)
|c illustrations en couleur
|d 31 x 23 cm
|
| 225 |
1 |
|
|v 12
|
| 330 |
|
|
|a Cet album constitue la suite de l'aventure commencée dans Le secret de la Licorne. Tintin et Haddock, accompagnés des Dupondt et du professeur Tournesol, inventeur d'un sous-marin révolutionnaire, partent à la recherche du trésor du chevalier de Hadoque. Après avoir exploré une île et l'épave du bateau du chevalier, nos héros ne découvriront aucun trésor mais d'étranges parchemins qui, étudiés par Tournesol, révèleront enfin la clé du mystère.
|
| 461 |
|
0 |
|t Le Secret de la licorne
|v 02
|
| 700 |
|
0 |
|a Hergé
|f 1907-1983
|4 70
|
| 900 |
|
|
|a Bande Dessinée (enfants)
|
| 901 |
|
|
|a Jeunesse
|
| 995 |
|
|
|a Médiathèque
|c Médiathèque
|f 00156007439797
|h 00156007439797
|k BD TIN SEC 2
|o p
|q j
|r az
|e Médiathèque
|